| 000 | 00519cam a22002051 4500 | ||
|---|---|---|---|
| 001 | 4058620 | ||
| 005 | 20180227072937.0 | ||
| 008 | 720107s1963 njua b 000 0 eng | ||
| 010 | _a 63018023 | ||
| 040 |
_aDLC _cDLC _dDLC |
||
| 041 | _aeng | ||
| 080 | _a136.7 MUS | ||
| 082 | 0 | 0 | _a136.7 MUS |
| 100 | 1 | _a48 | |
| 101 | _aPSI | ||
| 245 | 1 | 4 | _aThe psychological development of the child. |
| 504 | _a"Selected readings": p. 101-102. | ||
| 906 |
_a7 _bcbc _corignew _du _eocip _f19 _gy-gencatlg |
||
| 942 |
_2ddc _cBK |
||
| 999 |
_c43606 _d43606 |
||